History and geography of tourism (Record no. 394938)

MARC details
000 -LEADER
fixed length control field 00519 a2200217 4500
005 - DATE & TIME
control field 20260206113950.0
008 - FIXED-LENGTH DATA ELEMENTS--GENERAL INFORMATION
fixed length control field 260206b |||||||| |||| 00| 0 eng d
020 ## - ISBN
International Standard Book Number 9789392262876
Price Rs. 2150.00
040 ## - CATALOGING SOURCE
Original cataloging agency VIVEKANANDA LIBRARY
082 ## - DDC NUMBER
Classification number 338.4791
Book Number R133H
100 ## - MAIN ENTRY--PERSONAL NAME
Personal name Raina, Ashish
110 ## - MAIN ENTRY--CORPORATE NAME
Corporate name
245 ## - TITLE STATEMENT
Title History and geography of tourism
250 ## - EDITION STATEMENT
Edition statement
260 ## - PUBLICATION, DISTRIBUTION, ETC. (IMPRINT)
Name of publisher, distributor, etc Book Enclave
Date of publication, distribution, etc 2024
Place of publication, distribution, etc Jaipur
300 ## - PHYSICAL DESCRIPTION
Pages x, 278
650 ## - Subject
Subject Tourism
650 ## - Subject
Subject Service Industries
650 ## - Subject
Subject Travel
942 ## - ADDED ENTRY ELEMENTS (KOHA)
Koha item type Books
Holdings
Withdrawn status Lost status Source of classification or shelving scheme Damaged status Not for loan Location (home branch) Sublocation or collection (holding branch) Shelving location Date acquired Koha issues (times borrowed) Koha full call number Accession No. Koha date last seen Koha item type
    Dewey Decimal Classification     VIVEKANANDA LIBRARY VIVEKANANDA LIBRARY Vivekananda Library 22/01/2026   338.4791 R133H 444462 22/01/2026 Books
© Designed and Maintained by Vivekananda Library, MDU Rohtak